000 00565nam a2200181 4500
001 116546
003 ES-MaACL
005 20230906190727.0
007 t|
008 061121s1918 it r ||||1| lat d
100 1 _aPaulo Diácono.
_989659
245 1 0 _aPauli Diaconi Historia langobardorum
_b: libri I-III.
250 _aEd. ad uso di esercitazioni nelle scuole superiori (Istituto storico italiano).
260 _aRoma :
_bTip. Del Senato,
_c1918.
300 _aVI, 136 p. ;
_c25 x 19 cm.
740 0 _aHistoria langobardorum.
852 _aES-MaACL
_jF-4206
999 _c116546
_d116546